[Event "Madrid San Viator op-B 28th"]
[Site "Madrid"]
[Date "2017.03.26"]
[Round "1"]
[White "Perez Carballeira, Francisco"]
[Black "Rodriguez Coarasa, Carlos"]
[Result "1/2-1/2"]
[WhiteElo "1444"]
[BlackElo "1706"]
[PlyCount "70"]
[EventDate "2017.03.26"]
[EventType "swiss"]
[EventRounds "9"]
[EventCountry "ESP"]
[SourceTitle "EXT 2019"]
[Source "ChessBase"]
[SourceDate "2018.10.10"]
[SourceVersion "1"]
[SourceVersionDate "2018.10.10"]
[SourceQuality "1"]

1. d4 Nf6 2. c4 e6 3. Nc3 Bb4 4. Qd3 d5 5. Bg5 Nbd7 6. cxd5 exd5 7. e3 0-0 8. a3 Bxc3+ 9. Qxc3 c6 10. Bd3 Re8 11. Ne2 Nf8 12. 0-0 Qd6 13. Bxf6 Qxf6 14. Ng3 Ng6 15. Qc2 Bd7 16. Rac1 Re7 17. Bxg6 hxg6 18. Rfe1 Bf5 19. Qc3 Rae8 20. Qc5 a6 21. Qb4 Bc8 22. Qc3 g5 23. Qc2 g4 24. Re2 Re6 25. Rce1 Kf8 26. Qh7 Qh6 27. Qxh6 Rxh6 28. Nf1 Bf5 29. Rd2 Be4 30. Ng3 Rhe6 31. Nh5 Bf5 32. Ng3 Bg6 33. Ne2 Re4 34. Ng3 R4e6 35. Ne2 Re4 1/2-1/2

[Event "Madrid-ch Seniors 65"]
[Site "Madrid"]
[Date "2017.01.20"]
[Round "1"]
[White "Ortega Morales, Pedro"]
[Black "Perez Carballeira, Francisco"]
[Result "1-0"]
[WhiteElo "1748"]
[BlackElo "1448"]
[PlyCount "33"]
[EventDate "2017.01.20"]
[EventType "swiss"]
[EventRounds "7"]
[EventCountry "ESP"]
[SourceTitle "CBM 176 Extra"]
[Source "ChessBase"]
[SourceDate "2017.03.02"]
[SourceVersion "1"]
[SourceVersionDate "2017.03.02"]
[SourceQuality "1"]

1. d4 d5 2. Bf4 Nf6 3. e3 Bf5 4. h3 h6 5. Nf3 e6 6. Be2 Bd6 7. Ne5 Bxe5 8. Bxe5 Nbd7 9. Bh2 c6 10. Nd2 Qb6 11. Qc1 a6 12. a4 Qa5 13. c3 c5 14. dxc5 Nxc5 15. b4 Qb6 16. bxc5 Qxc5 17. Nb3 1-0

[Event "Madrid San Viator op-B 26th"]
[Site "Madrid"]
[Date "2016.05.15"]
[Round "6"]
[White "Perez Carballeira, Francisco"]
[Black "Fernandez Munoz, Jesus Norberto"]
[Result "0-1"]
[WhiteElo "1509"]
[BlackElo "1399"]
[PlyCount "98"]
[EventDate "2016.04.03"]
[EventType "swiss"]
[EventRounds "9"]
[EventCountry "ESP"]
[SourceTitle "EXT 2017"]
[Source "ChessBase"]
[SourceDate "2016.10.25"]
[SourceVersion "1"]
[SourceVersionDate "2016.10.25"]
[SourceQuality "1"]

1. d4 d5 2. c4 Nf6 3. Nc3 e6 4. Bg5 Nc6 5. cxd5 exd5 6. e3 a6 7. Bd3 Bb4 8. Nge2 Bg4 9. f3 Bd7 10. 0-0 Be7 11. Bxf6 Bxf6 12. Nxd5 0-0 13. Nxf6+ Qxf6 14. Bc2 Nb4 15. a3 Nxc2 16. Qxc2 Rac8 17. e4 Qg5 18. f4 Qh6 19. Ng3 Qb6 20. Qf2 Rcd8 21. d5 Qxf2+ 22. Rxf2 Rfe8 23. Rc1 c6 24. d6 Rf8 25. f5 f6 26. Nh5 Rfe8 27. Rf4 Rf8 28. Rc3 Be8 29. Rd3 Bxh5 30. g4 g5 31. fxg6 Bxg6 32. Rd2 Kg7 33. Kf2 Rfe8 34. Kf3 Re6 35. h4 Rexd6 36. Rxd6 Rxd6 37. Ke3 h6 38. h5 Bf7 39. Rf2 Be6 40. Kf4 c5 41. Rc2 c4 42. Rg2 a5 43. Ke3 a4 44. e5 Rd3+ 45. Ke2 fxe5 46. g5 Rd6 47. Ke3 Bf7 48. Ke4 Bd5+ 49. Kxe5 Bxg2 0-1

[Event "Madrid San Viator op-B 26th"]
[Site "Madrid"]
[Date "2016.04.10"]
[Round "2"]
[White "Arias Bellido, Santiago"]
[Black "Perez Carballeira, Francisco"]
[Result "0-1"]
[WhiteElo "1324"]
[BlackElo "1509"]
[PlyCount "82"]
[EventDate "2016.04.03"]
[EventType "swiss"]
[EventRounds "9"]
[EventCountry "ESP"]
[SourceTitle "EXT 2017"]
[Source "ChessBase"]
[SourceDate "2016.10.25"]
[SourceVersion "1"]
[SourceVersionDate "2016.10.25"]
[SourceQuality "1"]

1. e4 c6 2. d4 d5 3. e5 e6 4. Nf3 c5 5. Bb5+ Nc6 6. c3 Nge7 7. 0-0 cxd4 8. cxd4 Bd7 9. Nc3 Ng6 10. Re1 Bb4 11. a3 Be7 12. h3 Qb6 13. a4 Nh4 14. Nxh4 Bxh4 15. g3 Be7 16. Qg4 g6 17. Bg5 Qxd4 18. Bxe7 Qxg4 19. hxg4 Kxe7 20. Bxc6 Bxc6 21. b4 a6 22. a5 Rhd8 23. Rec1 Rac8 24. Na4 Bxa4 25. Rxc8 Rxc8 26. Rxa4 Rc4 27. Kf1 Rxg4 28. Kg2 Rc4 29. f4 Kd7 30. Kf3 h5 31. Ke3 Kc6 32. Kd3 Kb5 33. Ra1 Rxb4 34. Rc1 Rc4 35. Rb1+ Kc6 36. Rb6+ Kc7 37. Rb3 Rc5 38. Rc3 Rxc3+ 39. Kxc3 Kc6 40. Kb4 b6 41. axb6 Kxb6 0-1

[Event "Madrid San Viator op 22nd"]
[Site "Madrid"]
[Date "2014.03.30"]
[Round "2"]
[White "Perez Carballeira, Francisco"]
[Black "Hidalgo Prado, David"]
[Result "1-0"]
[WhiteElo "1606"]
[BlackElo "1448"]
[PlyCount "117"]
[EventDate "2014.03.23"]
[EventType "swiss"]
[EventRounds "9"]
[EventCountry "ESP"]
[SourceTitle "EXT 2015"]
[Source "ChessBase"]
[SourceDate "2014.11.20"]
[SourceVersion "1"]
[SourceVersionDate "2014.11.20"]
[SourceQuality "1"]

1. d4 e6 2. c4 d5 3. Nc3 Nf6 4. cxd5 exd5 5. Bg5 Nbd7 6. e3 c6 7. Bd3 Bd6 8. Nge2 0-0 9. 0-0 Qc7 10. Bf4 Re8 11. Rc1 Nf8 12. Nb5 Qd7 13. Nxd6 Rd8 14. Nxc8 Raxc8 15. Bg5 Qd6 16. Ng3 Re8 17. Nf5 Qe6 18. Bxf6 Qxf6 19. Qf3 Rcd8 20. Qg3 Rd7 21. Qh4 Qe6 22. Ng3 g6 23. Rfe1 f5 24. Ne2 Rg7 25. Qh3 Qf6 26. f4 Rge7 27. Nc3 Ne6 28. Rf1 Nxd4 29. Rce1 Ne6 30. Qg3 Nc5 31. Bc2 h6 32. Qf2 Kg7 33. Qd2 Ne4 34. Bxe4 dxe4 35. Rd1 h5 36. Qd4 h4 37. Qxf6+ Kxf6 38. Rd6+ Re6 39. Rfd1 R8e7 40. Na4 b6 41. b3 c5 42. Nc3 Kf7 43. Rd7 a6 44. R1d6 b5 45. Kf2 c4 46. b4 Rxd6 47. Rxd6 Ra7 48. Ke2 Ke7 49. Rxg6 Kf7 50. Rd6 a5 51. Nxb5 Rb7 52. Rd5 Ke6 53. Re5+ Kf6 54. bxa5 c3 55. Rc5 Rg7 56. Kf2 Rb7 57. a4 Rd7 58. Nd4 Rb7 59. Rxc3 1-0

[Event "Madrid San Viator op 20th"]
[Site "Madrid"]
[Date "2013.05.26"]
[Round "7"]
[White "Blanco Diez, David"]
[Black "Perez Carballeira, Francisco"]
[Result "0-1"]
[WhiteElo "1438"]
[BlackElo "1609"]
[PlyCount "56"]
[EventDate "2013.04.07"]
[EventType "swiss"]
[EventRounds "9"]
[EventCountry "ESP"]
[SourceTitle "EXT 2014"]
[Source "ChessBase"]
[SourceDate "2013.11.20"]
[SourceVersion "1"]
[SourceVersionDate "2013.11.20"]
[SourceQuality "1"]

1. d4 d5 2. c4 Nf6 3. cxd5 Qxd5 4. Nc3 Qa5 5. e4 Bg4 6. f3 Bh5 7. Qb3 Qb6 8. Bf4 Qxb3 9. axb3 c6 10. Bxb8 Rxb8 11. Rxa7 e6 12. Bd3 Be7 13. Nge2 0-0 14. 0-0 Rfd8 15. Bc4 Ne8 16. Rfa1 e5 17. Rd1 exd4 18. Na4 Kf8 19. Rxd4 Rxd4 20. Nxd4 Bf6 21. Ne2 b5 22. g4 Bg6 23. f4 h6 24. f5 bxc4 25. fxg6 fxg6 26. bxc4 Nd6 27. Nf4 Bd4+ 28. Kf1 Bxa7 0-1

[Event "Madrid-ch"]
[Site "Madrid"]
[Date "2012.11.05"]
[Round "1"]
[White "Perez Carballeira, Francisco"]
[Black "Hernandez Gutierrez, Jose"]
[Result "0-1"]
[WhiteElo "1608"]
[BlackElo "1854"]
[PlyCount "77"]
[EventDate "2012.11.05"]
[EventType "swiss"]
[EventRounds "9"]
[EventCountry "ESP"]
[SourceTitle "CBM 151 Extra"]
[Source "ChessBase"]
[SourceDate "2012.12.18"]
[SourceVersion "1"]
[SourceVersionDate "2012.12.18"]
[SourceQuality "1"]

1. d4 Nf6 2. c4 e6 3. Nc3 Bb4 4. Qc2 0-0 5. Bg5 c5 6. Nf3 d6 7. dxc5 dxc5 8. Nd2 h6 9. Bh4 Qd4 10. Bxf6 Qxf6 11. Nce4 Qe5 12. e3 Bd7 13. Rd1 Bc6 14. b3 Bxe4 15. Qc1 Rd8 16. f3 Bd3 17. Kf2 Bxf1 18. Rhxf1 Nc6 19. f4 Bxd2 20. Rxd2 Rxd2+ 21. Qxd2 Qe4 22. Re1 Rd8 23. Qb2 Nb4 24. Kg1 Qc2 25. Qxc2 Nxc2 26. Re2 Nb4 27. Kf2 Kf8 28. Kf3 f6 29. g4 g5 30. h3 Ke7 31. Kg3 Rd1 32. a3 Nc6 33. Kg2 Rd3 34. b4 cxb4 35. axb4 Nxb4 36. Rb2 a5 37. Kf3 Rc3 38. h4 gxf4 39. Kxf4 0-1

[Event "Madrid Oliver Gonzalez Memorial-B 3rd"]
[Site "Madrid"]
[Date "2012.09.06"]
[Round "6"]
[White "Rojas Pozo, Jose Luis"]
[Black "Perez Carballeira, Francisco"]
[Result "1-0"]
[WhiteElo "1963"]
[BlackElo "1585"]
[PlyCount "46"]
[EventDate "2012.09.01"]
[EventType "swiss"]
[EventRounds "9"]
[EventCountry "ESP"]
[SourceTitle "CBM 150 Extra"]
[Source "ChessBase"]
[SourceDate "2012.10.19"]
[SourceVersion "1"]
[SourceVersionDate "2012.10.19"]
[SourceQuality "1"]

1. d4 d5 2. c4 Nf6 3. Nc3 Bf5 4. Qb3 dxc4 5. Qxb7 Nbd7 6. Nb5 Qc8 7. Qxa8 Qxa8 8. Nxc7+ Kd8 9. Nxa8 Be4 10. Nc7 Kxc7 11. f3 Bc2 12. Bd2 Nb6 13. Rc1 Bg6 14. e4 e6 15. Bxc4 Kb7 16. Bb3 Nfd7 17. Ne2 Be7 18. 0-0 Re8 19. a4 e5 20. a5 Nc8 21. Bd5+ Kb8 22. dxe5 Bc5+ 23. Kh1 Nxe5 1-0

[Event "Madrid San Viator op 18th"]
[Site "Madrid"]
[Date "2012.03.25"]
[Round "1"]
[White "Perez Carballeira, Francisco"]
[Black "Iturbide Arnedo, Oscar"]
[Result "0-1"]
[WhiteElo "1593"]
[BlackElo "2131"]
[PlyCount "68"]
[EventDate "2012.03.25"]
[EventType "swiss"]
[EventRounds "9"]
[EventCountry "ESP"]
[SourceTitle "EXT 2013"]
[Source "ChessBase"]
[SourceDate "2012.11.22"]
[SourceVersion "1"]
[SourceVersionDate "2012.11.22"]
[SourceQuality "1"]

1. d4 g6 2. c4 Bg7 3. Nc3 c5 4. d5 Bxc3+ 5. bxc3 f5 6. Bg5 Qa5 7. Qc2 d6 8. e3 Nd7 9. Nf3 Ngf6 10. Bd3 Nb6 11. 0-0 Bd7 12. Rfc1 0-0 13. Nd2 Ba4 14. Qb2 Qa6 15. Bxf6 Rxf6 16. Bf1 Nd7 17. Nf3 h6 18. Re1 Ne5 19. Nxe5 dxe5 20. f3 Bd7 21. Bd3 Raf8 22. Rab1 b6 23. Qd2 Kg7 24. Rf1 Qc8 25. Rf2 Qc7 26. Be2 Qd6 27. g3 f4 28. e4 g5 29. g4 h5 30. h3 Rh6 31. Rg2 hxg4 32. hxg4 Rh3 33. Rf1 Qh6 34. Kf2 Qh4+ 0-1